La vida cotidiana de los caballeros de la Tabla Redonda
Gorde:
| Egile nagusia: | |
|---|---|
| Formatua: | Liburua |
| Hizkuntza: | gaztelania |
| Argitaratua: |
Madrid
Temas de Hoy
1990
|
| Saila: | Colección Historia, 7
|
| Gaiak: | |
| Etiketak: |
Etiketa erantsi
Etiketarik gabe, Izan zaitez lehena erregistro honi etiketa jartzen!
|
MARC
| LEADER | 00000nam a2200000 a 4500 | ||
|---|---|---|---|
| 001 | UCX2948 | ||
| 003 | CL-VaPUC | ||
| 008 | 910909e19900000SP |||||||||||||||||spa|d | ||
| 082 | 0 | 4 | |a 929.71 |b PAS |2 21 |
| 100 | |a Pastoureau, Michel |e autor |9 596792 | ||
| 245 | 1 | 3 | |a La vida cotidiana de los caballeros de la Tabla Redonda |
| 300 | |a 253 p | ||
| 942 | |c BK | ||
| 945 | |d 19910909 00:00:00 | ||
| 260 | |a Madrid |b Temas de Hoy |c 1990 | ||
| 650 | 0 | |a Caballeros y caballería |9 266046 | |
| 650 | 0 | |a Civilización medieval |9 265320 | |
| 650 | 0 | |a Historia medieval |9 258042 | |
| 583 | |a last modification |c 19910909 00:00:00 |k Rodrigo Vera | ||
| 490 | 0 | |a Colección Historia, 7 | |
| 999 | |c 223846 |d 223844 | ||
| 952 | |0 0 |1 0 |4 0 |6 929_710000000000000_PAS_1990 |7 0 |8 A |9 220058 |a BIBHIS |b BIBHIS |d 2019-11-15 |i 2887320 |l 1 |o 929.71 PAS 1990 |p 2887320 |r 2023-10-19 |s 2023-10-19 |w 2019-11-15 |y BK |k HIS | ||